01294nai a2200229 u 4500001000800000005001700008008004100025020001800066035001200084040001300096041000800109100002700117245009700144260004800241520053000289650002200819650002200841650002900863700002700892700003500919856011000954140669020240129080717.0150417s2014 ||||||i| eng  a9781627056786 a1406690 ccomduadb aeng10aKim, Jin-Tae4auteaut10aAnalysis of the alkali metal diatomic spectra. Using molecular beams and ultracold molecules aSan Rafael, CA :bMorgan & Claypool,c2014.3 aRESUMEN: Este libro electrónico ilustra la complementariedad de los espectros de haz molecular (MB) y los espectros de moléculas ultrafrías (UM) para desentrañar los espectros electrónicos complejos de las moléculas diatómicas de metales alcalinos, utilizando KRb como un excelente ejemplo. Los investigadores interesados en la espectroscopia molecular, ya sean físicos, químicos o ingenieros, pueden encontrar útil este libro electrónico y pueden aplicar ideas similares a sus moléculas de interés. aHaces moleculares aMetales alcalinos aEspectroscopia molecular10aKim, Bongsoo4auteaut10aStwalley, William C.4auteaut4 uhttp://aplicacionesbiblioteca.udea.edu.co:2048/login?url=http://iopscience.iop.org/book/978-1-6270-5678-6